000 01237nam a2200349 i 4500
001 768714001
003 CO-MdFUSB
005 20260422125954.0
007 ta
008 191108t2009 sp |||| b||| 00| 0 spa d
020 _a9788482675565
040 _aCO-MdFUSB
_bspa
_cCO-MdFUSB
_dCO-MdFUSBC
_erda
041 _aspa
082 _223
_a227.87
_bP438
100 1 _aPérez Millos, Samuel
_eautor
245 1 _aHebreos :
_bcomentario exegético al texto griego del Nuevo Testamento
_c/ Samuel Pérez Millos
264 1 _aBarcelona, España :
_bClie,
_c[2009]
264 4 _c©2009
300 _a865 páginas
_c; 25 cm
336 _2rdacontent
_atexto
_btxt
337 _2rdamedia
_asin mediación
_bn
338 _2rdacarrier
_avolumen
_bnc
500 _aIncluye índice y referencias bibliográficas
505 _aComentario exegético del texto griego de Hebreos que aborda temas como la supremacía de Cristo, el sacerdocio, el nuevo pacto, la fe y la perseverancia cristiana.
563 _aPasta dura
630 0 7 _aBiblia.
_pHebreos
_xCrítica, interpretación, etc.
650 0 _91842
_aComentarios Bíblicos
653 _aExégesis bíblica
653 _aGriego bíblico
942 _cBK
945 _aCatherine Arias Alvarez
999 _c71224
_d71224